Statistiken für Flaggen von Ländern, die an Deutschland grenzen

Klicken Sie hier um das Quiz zu spielen!

Allgemein

  • Dieses Quiz wurde 23.960 mal gespielt
  • Das Durchschnittsergebnis liegt bei 9 aus 9

Antwortstatistiken

Antwort% Korrekt
Frankreich
100%
Schweiz
100%
Belgien
99%
Österreich
98%
Niederlande
97%
Polen
97%
Dänemark
96%
Tschechien
96%
Luxemburg
93%

Verteilung der Resultate

Perzentil nach korrekt beantworteten Fragen

Anzahl Personen mit jedem Resultat

Ihre Resultats-Entwicklung

Sie haben dieses Quiz noch nicht gespielt